Airbus Planes by Picture - Statistics

General Stats
  • This quiz has been taken 714 times
  • The average score is 10 of 12
Answer Stats
Picture Answer % Correct
A380
95%
Beluga
93%
A350
92%
A340
91%
A320
90%
A330
88%
A321
87%
A318
86%
A319
85%
A300
80%
A310
80%
A220
76%
No matching quizzes found
Score Distribution
Percent of People with Each Score
Percentile by Number Answered
Your Score History
You have not taken this quiz